000
00253nam a22001217a 4500
008
181218b xxu||||| |||| 00| 0 eng d
041
_a
eng
080
_a
616.8
100
_a
7
101
_a
DER
245
_a
Dermatology
_c
Levene, G.M
942
_2
udc
_c
BK
999
_c
53407
_d
53407